<?xml version="1.0" encoding="UTF-8"?>
<record
    xmlns:xsi="http://www.w3.org/2001/XMLSchema-instance"
    xsi:schemaLocation="http://www.loc.gov/MARC21/slim http://www.loc.gov/standards/marcxml/schema/MARC21slim.xsd"
    xmlns="http://www.loc.gov/MARC21/slim">

  <leader>02151nam a22003377a 4500</leader>
  <controlfield tag="003">OSt</controlfield>
  <controlfield tag="005">20260507102925.0</controlfield>
  <controlfield tag="008">250923b        |||||||| |||| 00| 0 eng d</controlfield>
  <datafield tag="020" ind1=" " ind2=" ">
    <subfield code="a">9786210431506 </subfield>
  </datafield>
  <datafield tag="040" ind1=" " ind2=" ">
    <subfield code="a">Foundation University</subfield>
    <subfield code="b">English</subfield>
    <subfield code="c">Foundation University </subfield>
    <subfield code="e">rda</subfield>
  </datafield>
  <datafield tag="041" ind1=" " ind2=" ">
    <subfield code="a">eng</subfield>
  </datafield>
  <datafield tag="050" ind1=" " ind2=" ">
    <subfield code="a">G 155.7</subfield>
    <subfield code="b">.2021 C33</subfield>
  </datafield>
  <datafield tag="100" ind1=" " ind2=" ">
    <subfield code="a">Cabulay, Danny</subfield>
    <subfield code="e">author</subfield>
    <subfield code="9">12254</subfield>
  </datafield>
  <datafield tag="245" ind1=" " ind2=" ">
    <subfield code="a">Heritage tourism /</subfield>
    <subfield code="c">by Danny Cabulay</subfield>
  </datafield>
  <datafield tag="250" ind1=" " ind2=" ">
    <subfield code="a">First edition</subfield>
  </datafield>
  <datafield tag="260" ind1=" " ind2=" ">
    <subfield code="a">Manila, Philippines :</subfield>
    <subfield code="b">Rex Book Store,</subfield>
    <subfield code="c">c2021.</subfield>
  </datafield>
  <datafield tag="264" ind1=" " ind2=" ">
    <subfield code="4">2021</subfield>
  </datafield>
  <datafield tag="300" ind1=" " ind2=" ">
    <subfield code="a">x, 182 pages :</subfield>
    <subfield code="b">illustration, photogs ;</subfield>
    <subfield code="c">25 cm.</subfield>
    <subfield code="3">pages</subfield>
    <subfield code="f">pages</subfield>
  </datafield>
  <datafield tag="336" ind1=" " ind2=" ">
    <subfield code="a">text</subfield>
    <subfield code="b">txt</subfield>
  </datafield>
  <datafield tag="337" ind1=" " ind2=" ">
    <subfield code="a">unmediated</subfield>
    <subfield code="b">n</subfield>
  </datafield>
  <datafield tag="338" ind1=" " ind2=" ">
    <subfield code="3">paper</subfield>
    <subfield code="a">paper</subfield>
    <subfield code="b">nc</subfield>
  </datafield>
  <datafield tag="490" ind1=" " ind2=" ">
    <subfield code="a">HRM-TOURISM series</subfield>
  </datafield>
  <datafield tag="500" ind1=" " ind2=" ">
    <subfield code="a">OBE : Outcomes-Based Education -- Front cover</subfield>
  </datafield>
  <datafield tag="504" ind1=" " ind2=" ">
    <subfield code="a">Includes index.</subfield>
  </datafield>
  <datafield tag="505" ind1=" " ind2=" ">
    <subfield code="a">Chapter 1 : Introduction to heritage tourism. -- Chapter 2 : The ecosystem of heritage tourism. -- Chapter 3 : Visitor management of heritage sites. -- Chapter 4 : Marketing heritage sites and legacies. -- Chapter 5 : Planning a heritage tour. -- Chapter 6 : Sustainable heritage tourism. -- Chapter 7 : Business and financial aspects of heritage tourism. -- Chapter 8 : Best practices in heritage tourism.</subfield>
  </datafield>
  <datafield tag="520" ind1=" " ind2=" ">
    <subfield code="a">Every country has its own unique heritage and culture. Apart from its natural attractions, a country draws tourists because of its people, traditions, historical values, and ways of life. They create a different kind of experience for tourists to learn and get immersed in the local culture, as well as interact with the people. This chapter essentially provides a snapshot of heritage tourism as a progressive branch of tourism and how it has contributed to the growth and development of the tourism industry of various countries.</subfield>
  </datafield>
  <datafield tag="650" ind1=" " ind2=" ">
    <subfield code="a">Cultural tourism</subfield>
    <subfield code="v">Study and teaching</subfield>
    <subfield code="z">Philippines.</subfield>
    <subfield code="9">12255</subfield>
  </datafield>
  <datafield tag="658" ind1=" " ind2=" ">
    <subfield code="b">Heritage Tourism </subfield>
    <subfield code="c">TOUR 202</subfield>
  </datafield>
  <datafield tag="856" ind1=" " ind2=" ">
    <subfield code="u">https://drive.google.com/file/d/1H6lwL8zmvKLcbCQYZAdRgoxKEu9BnKsz/view?usp=sharing</subfield>
    <subfield code="y">Click here to view the table of contents</subfield>
  </datafield>
  <datafield tag="942" ind1=" " ind2=" ">
    <subfield code="2">lcc</subfield>
    <subfield code="c">BK</subfield>
    <subfield code="e">First edition</subfield>
    <subfield code="h">G 155.7</subfield>
    <subfield code="i">.2021 C33</subfield>
    <subfield code="k">(CHM-TouMgt)</subfield>
    <subfield code="n">0</subfield>
  </datafield>
  <datafield tag="999" ind1=" " ind2=" ">
    <subfield code="c">4999</subfield>
    <subfield code="d">4999</subfield>
  </datafield>
  <datafield tag="952" ind1=" " ind2=" ">
    <subfield code="u">https://drive.google.com/file/d/1H6lwL8zmvKLcbCQYZAdRgoxKEu9BnKsz/view?usp=sharing</subfield>
    <subfield code="0">0</subfield>
    <subfield code="1">0</subfield>
    <subfield code="2">lcc</subfield>
    <subfield code="4">0</subfield>
    <subfield code="7">7</subfield>
    <subfield code="8">NFIC</subfield>
    <subfield code="a">FOUNDATION</subfield>
    <subfield code="b">FOUNDATION</subfield>
    <subfield code="c">MAIN-CHM</subfield>
    <subfield code="d">2025-09-23</subfield>
    <subfield code="e">Purchase</subfield>
    <subfield code="l">0</subfield>
    <subfield code="o">(CHM-TouMgt) G 155.7 .2021 C33</subfield>
    <subfield code="p">0252026007004</subfield>
    <subfield code="r">2025-09-23 15:25:00</subfield>
    <subfield code="w">2025-09-23</subfield>
    <subfield code="y">BK</subfield>
    <subfield code="k">CHM-TouMgt-2026004</subfield>
  </datafield>
  <datafield tag="952" ind1=" " ind2=" ">
    <subfield code="u">https://drive.google.com/file/d/1H6lwL8zmvKLcbCQYZAdRgoxKEu9BnKsz/view?usp=sharing</subfield>
    <subfield code="0">0</subfield>
    <subfield code="1">0</subfield>
    <subfield code="2">lcc</subfield>
    <subfield code="4">0</subfield>
    <subfield code="7">4</subfield>
    <subfield code="8">NFIC</subfield>
    <subfield code="a">FOUNDATION</subfield>
    <subfield code="b">FOUNDATION</subfield>
    <subfield code="c">MAIN-CHM</subfield>
    <subfield code="d">2026-05-06</subfield>
    <subfield code="e">Library Budget</subfield>
    <subfield code="l">0</subfield>
    <subfield code="o">(CHM-TouMgt) G 155.7 .2021 C33 c.2</subfield>
    <subfield code="p">0252026007005</subfield>
    <subfield code="r">2026-05-06 14:36:00</subfield>
    <subfield code="w">2026-05-06</subfield>
    <subfield code="y">BK</subfield>
    <subfield code="k">CHM-TouMgt-2026005</subfield>
  </datafield>
  <datafield tag="952" ind1=" " ind2=" ">
    <subfield code="u">https://drive.google.com/file/d/1H6lwL8zmvKLcbCQYZAdRgoxKEu9BnKsz/view?usp=sharing</subfield>
    <subfield code="0">0</subfield>
    <subfield code="1">0</subfield>
    <subfield code="2">lcc</subfield>
    <subfield code="4">0</subfield>
    <subfield code="7">0</subfield>
    <subfield code="8">NFIC</subfield>
    <subfield code="a">FOUNDATION</subfield>
    <subfield code="b">FOUNDATION</subfield>
    <subfield code="c">MAIN-CHM</subfield>
    <subfield code="d">2026-05-06</subfield>
    <subfield code="e">Library Budget</subfield>
    <subfield code="l">0</subfield>
    <subfield code="o">(CHM-TouMgt) G 155.7 .2021 C33 c.3</subfield>
    <subfield code="p">0252026007006</subfield>
    <subfield code="r">2026-05-06 14:39:00</subfield>
    <subfield code="w">2026-05-06</subfield>
    <subfield code="y">BK</subfield>
    <subfield code="k">CHM-TouMgt-2026006</subfield>
  </datafield>
</record>
